000 00475nam a22001817a 4500
003 NUST - PNEC
005 20170116181034.0
008 150907b xxu||||| |||| 00| 0 eng d
020 _a9788131728819
040 _cLIBRARY
082 _a621.395 MAN
100 _98879
_aMano, M. Morris
245 _aLogic and computer design fundamentals
_cM. Morris Mano
250 _a2nd ed.
260 _cc.2001
650 _911298
_aComputer design
_xMIS, MS COMM
942 _2ddc
_cBK
999 _c67865
_d67865